书目信息 |
| 书名: | Introduction to early childhood education | |
| 作者: | Verna Hildebrand | |
| 分册号: | ||
| 分册名: | 出版地: | Upper Saddle River, N.J. : |
|
| 出版社: | Merrill | |
| 出版时间: | c1997. | |
| 页数: | x, 517 p. : | |
| 开本: | 25 cm. | |
| 丛书名: | ||
| 中图分类号: | ||
| 科图分类号: | ||
| 其他分类号: | G610 | |
| 主题词: | ||
| 电子资源: | ||
| 000 | 01034nam 2200325 a 4500 | |
| 001 | E0735002013 | |
| 003 | DLC | |
| 005 | 20070317094439.92 | |
| 008 | 001 0 eng | |
| 008 | uu | |
| 010 | @a96024895 | |
| 020 | @a0023545534 (alk. paper). | |
| 040 | @aDLC @cDLC @dDLC | |
| 043 | @an-us--- | |
| 049 | @aN5LA | |
| 050 | 00 | @aLB1139.25 @b.H55 1997 |
| 082 | 00 | @a372.21/0973 @220 |
| 090 | @a2-98/G619.7128/H64/ 1997//////1211189 | |
| 090 | @aG610 | |
| 096 | @aG619.7128 @v3 | |
| 099 | @dG610@ex8=6 | |
| 100 | 1 | @aHildebrand, Verna. |
| 245 | 10 | @aIntroduction to early childhood education / @cVerna Hildebrand |
| 246 | 30 | @aEarly childhood education |
| 250 | @a6th ed. | |
| 260 | @aUpper Saddle River, N.J. :@bMerrill,@cc1997. | |
| 300 | @ax, 517 p. :@bill. ;@c25 cm. | |
| 504 | @aIncludes bibliographical references and indexes. | |
| 650 | 0 | @aEarly childhood education @zUnited States. @b00 @c20020930 @lNLC09 @h2253 @lNLC09 @h0016 @lNLC09 @h2009 |
| 852 | 9 | @bWWJC @k2-98 @hG619.7128 @iH64/1997 @cJ09 |
| Introduction to early childhood education / / Verna Hildebrand.-6th ed.-Upper Saddle River, N.J. : : Merrill, , c1997. |
| x, 517 p. : : ill. ; ; 25 cm. |
| Includes bibliographical references and indexes. |
| ISBN 0023545534 (alk. paper). |
| ● |
| 相关链接 |
|
|
|
|
正题名:Introduction to early childhood education
索取号:G610/x8=6
 
预约/预借
| 序号 | 登录号 | 条形码 | 馆藏地/架位号 | 状态 | 备注 |
| 1 | 0002460 | 300024603 | 第二样本阅览室/ [索取号:G610/x8=6] | 在馆 | |
| 2 | 0002461 | 300024612 | 第四借阅区/ [索取号:G610/x8=6] | 在馆 |